[Event "FRA-chT Top 16 Gp Basse"]
[Site "Chartres"]
[Date "2022.06.19"]
[Round "4.4"]
[White "Roubert, Emile"]
[Black "Mendeiros, Jerome"]
[Result "1/2-1/2"]
[WhiteElo "2027"]
[BlackElo "2097"]
[PlyCount "147"]
[EventDate "2022.06.16"]
[EventType "team-tourn"]
[EventRounds "4"]
[EventCountry "FRA"]
[SourceTitle "CBM 208 Extra"]
[Source "ChessBase"]
[SourceDate "2022.07.31"]
[SourceVersion "1"]
[SourceVersionDate "2022.07.31"]
[SourceQuality "1"]
[WhiteTeam "Agen"]
[BlackTeam "Paris Club 608"]
[WhiteTeamCountry "FRA"]
[BlackTeamCountry "FRA"]

1. e4 c6 2. c4 d5 3. cxd5 cxd5 4. exd5 Nf6 5. Nc3 Nxd5 6. Nf3 Nc6 7. Bb5 g6 8. 0-0 Bg7 9. Qa4 Qd6 10. Re1 Bd7 11. Qh4 0-0 12. d4 Nf6 13. a3 Bg4 14. Ne5 Be6 15. Bf4 Qxd4 16. Nxc6 bxc6 17. Bxc6 Rac8 18. Bf3 Rc4 19. g3 h6 20. Rxe6 fxe6 21. Qh3 Kf7 22. Re1 Qd7 23. Qf1 Rfc8 24. Qe2 Ne8 25. Bg4 R8c6 26. Ne4 Rc2 27. Qf3 Nf6 28. b4 Nxg4 29. Qxg4 Qd5 30. Nc5 Qf5 31. Qd1 g5 32. g4 Qg6 33. Bg3 R6xc5 34. bxc5 Rxc5 35. Qa4 a5 36. h3 Qc2 37. Qd7 Qc4 38. Bd6 Rc6 39. Qxe7+ Kg8 40. Bg3 Qd5 41. Qe8+ Kh7 42. Qf7 Rb6 43. a4 Rb4 44. Kh2 Rb7 45. Qe8 Qd7 46. Qa8 Rb3 47. Rc1 Qd5 48. Qxd5 exd5 49. Rc5 Bc3 50. Bc7 d4 51. Bxa5 Bxa5 52. Rxa5 d3 53. Rd5 Ra3 54. Kg2 Rxa4 55. Rxd3 Ra7 56. Rd5 Kg7 57. Rf5 Kg6 58. h4 Ra3 59. f3 Ra1 60. Rb5 Ra6 61. h5+ Kg7 62. Kf2 Re6 63. Rb4 Kf6 64. Re4 Ra6 65. Rc4 Kg7 66. Ke3 Rf6 67. Rc7+ Kg8 68. Rc5 Kg7 69. Rf5 Re6+ 70. Kd4 Re7 71. Kd5 Re3 72. Kd6 Ra3 73. Ke6 Ra6+ 74. Ke7 1/2-1/2

[Event "FRA-chT Top 16 GpA"]
[Site "Chartres"]
[Date "2022.06.15"]
[Round "7.6"]
[White "Shchekachev, Andrei"]
[Black "Mendeiros, Jerome"]
[Result "1-0"]
[WhiteElo "2507"]
[BlackElo "2097"]
[PlyCount "69"]
[EventDate "2022.06.09"]
[EventType "team-tourn"]
[EventRounds "7"]
[EventCountry "FRA"]
[SourceTitle "CBM 208 Extra"]
[Source "ChessBase"]
[SourceDate "2022.07.31"]
[SourceVersion "1"]
[SourceVersionDate "2022.07.31"]
[SourceQuality "1"]
[WhiteTeam "Tremblay en France"]
[BlackTeam "Paris Club 608"]
[WhiteTeamCountry "FRA"]
[BlackTeamCountry "FRA"]

1. Nf3 d5 2. d4 Nf6 3. c4 c6 4. Nc3 e6 5. e3 Nbd7 6. Be2 Bd6 7. 0-0 0-0 8. b3 b6 9. Bb2 Bb7 10. Bd3 Qe7 11. Re1 Rfe8 12. a4 a5 13. Qc2 Bb4 14. Red1 Rac8 15. Qe2 g6 16. e4 dxe4 17. Nxe4 Nxe4 18. Bxe4 Qf8 19. Ne5 Red8 20. h4 Be7 21. g3 Ba8 22. Bf3 Bf6 23. c5 Nxe5 24. dxe5 Be7 25. cxb6 Bc5 26. Qa6 Rb8 27. Qxa5 Bxb6 28. Qc3 Qc5 29. Rxd8+ Rxd8 30. Qxc5 Bxc5 31. Rc1 Bxf2+ 32. Kxf2 Rd2+ 33. Ke3 Rxb2 34. Rc3 Kf8 35. Kd4 1-0

[Event "FRA-chT Top 16 GpA"]
[Site "Chartres"]
[Date "2022.06.14"]
[Round "6.6"]
[White "Mendeiros, Jerome"]
[Black "Riff, Vincent"]
[Result "1/2-1/2"]
[WhiteElo "2097"]
[BlackElo "2399"]
[PlyCount "56"]
[EventDate "2022.06.09"]
[EventType "team-tourn"]
[EventRounds "7"]
[EventCountry "FRA"]
[SourceTitle "CBM 208 Extra"]
[Source "ChessBase"]
[SourceDate "2022.07.31"]
[SourceVersion "1"]
[SourceVersionDate "2022.07.31"]
[SourceQuality "1"]
[WhiteTeam "Paris Club 608"]
[BlackTeam "Grasse Echecs"]
[WhiteTeamCountry "FRA"]
[BlackTeamCountry "FRA"]

1. e4 c5 2. Nf3 Nc6 3. Bb5 d6 4. 0-0 Bd7 5. Re1 Nf6 6. c3 a6 7. Bf1 Bg4 8. d4 cxd4 9. cxd4 Bxf3 10. gxf3 d5 11. e5 Nh5 12. Be3 e6 13. Nc3 Be7 14. Qd2 0-0 15. Rac1 g6 16. Red1 f5 17. Bh6 Rf7 18. f4 Bb4 19. Bg5 Qf8 20. Be2 h6 21. Bh4 Ng7 22. Qe3 Ne8 23. Kh1 Rg7 24. Rg1 Bxc3 25. Rxc3 Kh7 26. a3 Rc8 27. Qd2 Rcc7 28. Rh3 Kg8 1/2-1/2

[Event "FRA-chT Top 16 GpA"]
[Site "Chartres"]
[Date "2022.06.13"]
[Round "5.4"]
[White "Koch, Jean Rene"]
[Black "Mendeiros, Jerome"]
[Result "1-0"]
[WhiteElo "2441"]
[BlackElo "2097"]
[PlyCount "127"]
[EventDate "2022.06.09"]
[EventType "team-tourn"]
[EventRounds "7"]
[EventCountry "FRA"]
[SourceTitle "CBM 208 Extra"]
[Source "ChessBase"]
[SourceDate "2022.07.31"]
[SourceVersion "1"]
[SourceVersionDate "2022.07.31"]
[SourceQuality "1"]
[WhiteTeam "Metz Fischer"]
[BlackTeam "Paris Club 608"]
[WhiteTeamCountry "FRA"]
[BlackTeamCountry "FRA"]

1. c4 c6 2. d4 d5 3. cxd5 cxd5 4. Bf4 Qb6 5. Nc3 Nf6 6. Qd2 Nc6 7. e3 Bf5 8. f3 h6 9. Rc1 Rc8 10. g4 Bd7 11. Na4 Qb4 12. Qxb4 Nxb4 13. Rxc8+ Bxc8 14. a3 Nc6 15. Bb5 Nd7 16. Ne2 a6 17. Bxc6 bxc6 18. Kf2 f6 19. Bc7 e5 20. Rc1 Bb7 21. f4 h5 22. g5 exf4 23. Bxf4 h4 24. Rc3 Kd8 25. gxf6 gxf6 26. Nc1 a5 27. Nb3 Ba6 28. Nxa5 Bb5 29. Nb7+ Kc8 30. Nbc5 Nxc5 31. Nxc5 Bxc5 32. Rxc5 Kd7 33. Rc3 Ra8 34. Kg2 Rh8 35. b3 Be2 36. a4 Bg4 37. b4 Rg8 38. Kf2 Bh3 39. b5 cxb5 40. Rc7+ Ke6 41. axb5 Rg2+ 42. Ke1 Rb2 43. Rh7 Bg4 44. Rxh4 Kf5 45. h3 Be2 46. b6 Ba6 47. Bc7 Kg5 48. Rg4+ Kf5 49. Rf4+ Kg5 50. h4+ Kg6 51. Kd1 Bd3 52. Rg4+ Kf5 53. Rg7 Ke4 54. Re7+ Kf5 55. Bd8 Ba6 56. Kc1 Rb5 57. Ra7 Bc8 58. Rc7 Ba6 59. Rc5 Rb4 60. h5 Ke4 61. Kd2 Bd3 62. h6 Rb2+ 63. Kc3 Rc2+ 64. Kb3 1-0

[Event "FRA-chT Top 16 GpA"]
[Site "Chartres"]
[Date "2022.06.09"]
[Round "1.3"]
[White "Medvegy, Zoltan"]
[Black "Mendeiros, Jerome"]
[Result "1-0"]
[WhiteElo "2528"]
[BlackElo "2097"]
[PlyCount "63"]
[EventDate "2022.06.09"]
[EventType "team-tourn"]
[EventRounds "7"]
[EventCountry "FRA"]
[SourceTitle "CBM 208 Extra"]
[Source "ChessBase"]
[SourceDate "2022.07.31"]
[SourceVersion "1"]
[SourceVersionDate "2022.07.31"]
[SourceQuality "1"]
[WhiteTeam "Chartres"]
[BlackTeam "Paris Club 608"]
[WhiteTeamCountry "FRA"]
[BlackTeamCountry "FRA"]

1. Nf3 d5 2. e3 Nf6 3. c4 c6 4. Nc3 e6 5. b3 Bd6 6. Bb2 0-0 7. Be2 b6 8. Qc2 Bb7 9. 0-0 Nbd7 10. d4 Qe7 11. Rad1 Rad8 12. Rfe1 Rfe8 13. g3 Bb4 14. a3 Bxc3 15. Bxc3 Ne4 16. Bb2 c5 17. Nd2 Nxd2 18. Rxd2 Nf6 19. f3 Nd7 20. cxd5 exd5 21. Bd3 h6 22. Rde2 Rc8 23. e4 cxd4 24. exd5 Qf8 25. Bc4 b5 26. Rxe8 Rxe8 27. Rxe8 Qxe8 28. Bxb5 Bxd5 29. Bxd4 Qe1+ 30. Kg2 Ne5 31. Qc8+ Kh7 32. Qf5+ 1-0

[Event "FRA-chT Top 12"]
[Site "Chalons en Champagne"]
[Date "2021.06.30"]
[Round "7.5"]
[White "Frederic, Clement"]
[Black "Mendeiros, Jerome"]
[Result "1/2-1/2"]
[WhiteElo "2242"]
[BlackElo "2134"]
[PlyCount "45"]
[EventDate "2021.06.24"]
[EventType "team-tourn"]
[EventRounds "11"]
[EventCountry "FRA"]
[SourceTitle "CBM 203 Extra"]
[Source "ChessBase"]
[SourceDate "2021.09.30"]
[SourceVersion "1"]
[SourceVersionDate "2021.09.30"]
[SourceQuality "1"]
[WhiteTeam "Mulhouse Philidor"]
[BlackTeam "Paris Club 608"]
[WhiteTeamCountry "FRA"]
[BlackTeamCountry "FRA"]

1. e4 c6 2. d4 d5 3. f3 dxe4 4. fxe4 e5 5. Nf3 Bg4 6. Bc4 Nd7 7. 0-0 Ngf6 8. c3 Bd6 9. Bg5 h6 10. Bxf6 Nxf6 11. Qb3 0-0 12. Nxe5 Bxe5 13. dxe5 Nxe4 14. Bxf7+ Kh8 15. Qc4 Qb6+ 16. Qd4 Ng5 17. Qxb6 axb6 18. Bg6 Rxf1+ 19. Kxf1 Ra5 20. Nd2 Rxe5 21. Re1 Re6 22. Rxe6 Bxe6 23. a3 1/2-1/2

[Event "FRA-chT Top 12"]
[Site "Chalons en Champagne"]
[Date "2021.06.28"]
[Round "5.2"]
[White "Mendeiros, Jerome"]
[Black "Favarel, Julien"]
[Result "1/2-1/2"]
[WhiteElo "2134"]
[BlackElo "2338"]
[PlyCount "53"]
[EventDate "2021.06.24"]
[EventType "team-tourn"]
[EventRounds "11"]
[EventCountry "FRA"]
[SourceTitle "CBM 203 Extra"]
[Source "ChessBase"]
[SourceDate "2021.09.30"]
[SourceVersion "1"]
[SourceVersionDate "2021.09.30"]
[SourceQuality "1"]
[WhiteTeam "Paris Club 608"]
[BlackTeam "Agenais Echiquier"]
[WhiteTeamCountry "FRA"]
[BlackTeamCountry "FRA"]

1. e4 e5 2. Nf3 Nc6 3. Bc4 Bc5 4. c3 Nf6 5. d3 d6 6. a4 a5 7. Nbd2 0-0 8. 0-0 Ba7 9. h3 Ne7 10. Re1 Ng6 11. Nf1 h6 12. Ng3 c6 13. Bb3 d5 14. exd5 Nxd5 15. d4 exd4 16. Nxd4 Ngf4 17. Qf3 Bxd4 18. cxd4 Qc7 19. Bc4 Be6 20. b3 Rfe8 21. Bd2 Ng6 22. Nh5 Qd8 23. Rad1 b6 24. Qg3 Qh4 25. Qf3 Qd8 26. Qg3 Qh4 27. Qf3 1/2-1/2

[Event "FRA-chT Top 12"]
[Site "Chalons en Champagne"]
[Date "2021.06.26"]
[Round "3.3"]
[White "Savina, Anastasia"]
[Black "Mendeiros, Jerome"]
[Result "1/2-1/2"]
[WhiteElo "2333"]
[BlackElo "2134"]
[PlyCount "121"]
[EventDate "2021.06.24"]
[EventType "team-tourn"]
[EventRounds "11"]
[EventCountry "FRA"]
[SourceTitle "CBM 203 Extra"]
[Source "ChessBase"]
[SourceDate "2021.09.30"]
[SourceVersion "1"]
[SourceVersionDate "2021.09.30"]
[SourceQuality "1"]
[WhiteTeam "Vandoeuvre"]
[BlackTeam "Paris Club 608"]
[WhiteTeamCountry "FRA"]
[BlackTeamCountry "FRA"]

1. d4 Nf6 2. c4 g6 3. Nc3 d5 4. cxd5 Nxd5 5. Bd2 Bg7 6. e4 Nxc3 7. Bxc3 0-0 8. Qd2 c5 9. dxc5 Qxd2+ 10. Kxd2 Bxc3+ 11. Kxc3 Nd7 12. b4 a5 13. Nf3 axb4+ 14. Kxb4 Nf6 15. Bd3 Rd8 16. Bc2 b6 17. c6 Rd6 18. Ne5 Nxe4 19. Nc4 Re6 20. Bxe4 Rxe4 21. Rhe1 Rf4 22. g3 Rxf2 23. Rxe7 Be6 24. a4 Rc8 25. a5 Rxc6 26. Nxb6 Rb2+ 27. Ka4 Rd6 28. Re8+ Kg7 29. Rxe6 Rxe6 30. Nc4 Re4 31. Rc1 h5 32. h4 f6 33. Rc3 g5 34. hxg5 fxg5 35. a6 Rb1 36. Ka5 Re6 37. a7 Ra1+ 38. Na3 Re8 39. Kb6 Re6+ 40. Kb5 Re8 41. Rc7+ Kf6 42. Nc4 Ra8 43. Na5 Kf5 44. Ka6 Kg4 45. Rc5 Ra3 46. Kb7 Rxa7+ 47. Kxa7 Rxg3 48. Nc4 h4 49. Ne5+ Kh3 50. Kb6 Rb3+ 51. Kc6 g4 52. Rc4 g3 53. Ng6 g2 54. Nf4+ Kg3 55. Nxg2 h3 56. Nh4 h2 57. Nf5+ Kg2 58. Rg4+ Kf2 59. Rh4 Kg2 60. Rg4+ Kf2 61. Rh4 1/2-1/2

[Event "FRA-chT2B 0506"]
[Site "France"]
[Date "2006.03.12"]
[Round "9.7"]
[White "Mendeiros, Jerome"]
[Black "Derieux, Christian"]
[Result "0-1"]
[WhiteElo "2188"]
[BlackElo "2135"]
[PlyCount "118"]
[EventDate "2005.10.27"]
[EventType "team-tourn"]
[EventRounds "11"]
[EventCountry "FRA"]
[SourceTitle "EXT 2006"]
[Source "ChessBase"]
[SourceDate "2005.11.24"]
[SourceVersion "1"]
[SourceVersionDate "2005.11.24"]
[SourceQuality "1"]
[WhiteTeam "Rosny sous Bois"]
[BlackTeam "Lutece"]
[WhiteTeamCountry "FRA"]
[BlackTeamCountry "FRA"]

1. e4 c5 2. Nf3 d6 3. d4 cxd4 4. Nxd4 Nf6 5. Nc3 g6 6. Be3 Bg7 7. f3 Nc6 8. Qd2 0-0 9. Bc4 Bd7 10. 0-0-0 Rc8 11. Bb3 Ne5 12. h4 h5 13. Bg5 Rc5 14. Kb1 Re8 15. Bh6 Nc4 16. Bxc4 Rxc4 17. Bxg7 Kxg7 18. g4 hxg4 19. h5 Rh8 20. hxg6 fxg6 21. Nd5 e5 22. Nb3 gxf3 23. Rxh8 Qxh8 24. Nxf6 Kxf6 25. Qxd6+ Be6 26. Nc5 Rxc5 27. Qxc5 g5 28. b3 g4 29. Qf2 Qh7 30. Qe3 Qh2 31. Qc5 Qh8 32. Qe3 b6 33. Qf2 Bc8 34. Kb2 Bb7 35. Rg1 Qh5 36. Qe1 Qh7 37. Qe3 Bxe4 38. Rd1 g3 39. Rd6+ Kf5 40. Rh6 Qf7 41. Rh4 Bc6 42. Qh6 Be8 43. Qe3 Qd5 44. c4 Qc6 45. Rh8 Bg6 46. Rf8+ Kg4 47. Qxe5 Qe4 48. Qf6 g2 49. Rg8 Kg3 50. Rxg6+ Kf2 51. Qg7 Qxg6 52. Qxg6 g1Q 53. Qc2+ Kg3 54. Qg6+ Kf2 55. Qc2+ Kf1 56. Qc1+ Kg2 57. Qg5+ Kh1 58. Qd5 Qg2+ 59. Ka3 f2 0-1

[Event "FRA-chT2B 0506"]
[Site "France"]
[Date "2005.11.20"]
[Round "3.6"]
[White "Besson, Bastien"]
[Black "Mendeiros, Jerome"]
[Result "0-1"]
[WhiteElo "2201"]
[BlackElo "2188"]
[PlyCount "72"]
[EventDate "2005.10.27"]
[EventType "team-tourn"]
[EventRounds "11"]
[EventCountry "FRA"]
[SourceTitle "EXT 2006"]
[Source "ChessBase"]
[SourceDate "2005.11.24"]
[SourceVersion "1"]
[SourceVersionDate "2005.11.24"]
[SourceQuality "1"]
[WhiteTeam "Clichy II"]
[BlackTeam "Rosny sous Bois"]
[WhiteTeamCountry "FRA"]
[BlackTeamCountry "FRA"]

1. e4 c5 2. Nc3 Nc6 3. g3 g6 4. Bg2 Bg7 5. Nge2 e6 6. 0-0 Nge7 7. d3 0-0 8. Bf4 d6 9. Qd2 Nd4 10. Nxd4 cxd4 11. Nd1 Re8 12. Bh6 Bh8 13. f4 f5 14. g4 Bf6 15. exf5 gxf5 16. g5 Bh8 17. Qe1 Qc7 18. h4 Bd7 19. Rc1 Kf7 20. h5 Rg8 21. Nf2 Ke8 22. Qb4 Nc6 23. Qb3 Kd8 24. Rfe1 Na5 25. Qa3 Rc8 26. b4 Nc6 27. Qb3 Ne7 28. Nh3 Qc3 29. Bxb7 Rb8 30. Qxc3 dxc3 31. Bg2 Rxb4 32. Rb1 Rb2 33. Rxb2 cxb2 34. Rb1 Ba4 35. g6 hxg6 36. Ng5 Bxc2 0-1

[Event "FRA-chT2 0405"]
[Site "France"]
[Date "2005.02.06"]
[Round "7.6"]
[White "Mendeiros, Jerome"]
[Black "Lourmande, Christophe"]
[Result "0-1"]
[WhiteElo "2222"]
[BlackElo "2100"]
[PlyCount "144"]
[EventDate "2004.10.10"]
[EventType "team"]
[EventRounds "11"]
[EventCountry "FRA"]
[SourceTitle "EXT 2006"]
[Source "ChessBase"]
[SourceDate "2005.11.24"]
[SourceVersion "1"]
[SourceVersionDate "2005.11.24"]
[SourceQuality "1"]
[WhiteTeam "Rosny sous Bois"]
[BlackTeam "Bois Colombes"]
[WhiteTeamCountry "FRA"]
[BlackTeamCountry "FRA"]

1. e4 e5 2. Nf3 Qe7 3. Nc3 c6 4. a4 d6 5. Bc4 Bg4 6. h3 Bh5 7. Be2 Nd7 8. d3 h6 9. Nh2 Bxe2 10. Qxe2 Nc5 11. Be3 Ne6 12. Nf3 Qf6 13. Qd2 g5 14. d4 Bg7 15. Ne2 Nf4 16. Bxf4 exf4 17. 0-0-0 Ne7 18. Qb4 0-0 19. Kb1 c5 20. Qb3 b6 21. Rhe1 Nc6 22. c3 Na5 23. Qd5 c4 24. Nd2 Rac8 25. Ng1 Rfe8 26. Ngf3 a6 27. h4 g4 28. Ng1 Qe6 29. Qxe6 fxe6 30. Ne2 e5 31. Kc2 Bf6 32. dxe5 dxe5 33. g3 f3 34. Nc1 Be7 35. Nf1 Bc5 36. Ne3 Bxe3 37. Rxe3 Red8 38. Ree1 Kf7 39. Na2 Nb3 40. Nb4 Nc5 41. Ra1 Rd6 42. a5 b5 43. Rad1 Rcd8 44. Rd5 Rxd5 45. exd5 Kf6 46. Kd2 Rd6 47. Ke3 Kf5 48. Rb1 e4 49. Kd4 Nb3+ 50. Ke3 Ke5 51. Rd1 Kf5 52. Nc6 Nc5 53. Nb4 h5 54. Kd4 Nb3+ 55. Ke3 Nc5 56. Rd4 Ke5 57. Nc6+ Kf5 58. Nb4 Nd3 59. Nc6 Nxb2 60. Ne7+ Kf6 61. Rxe4 Nd1+ 62. Kd4 Nxf2 63. Ng8+ Kg7 64. Re8 Nd3 65. Ne7 Kf7 66. Nf5 Rxd5+ 67. Kxd5 Kxe8 68. Kc6 b4 69. cxb4 Nxb4+ 70. Kc5 f2 71. Ne3 c3 72. Kxb4 c2 0-1

[Event "FRA-chT2 0405"]
[Site "France"]
[Date "2004.12.05"]
[Round "4.6"]
[White "Lucas, Jean Christian"]
[Black "Mendeiros, Jerome"]
[Result "1-0"]
[WhiteElo "2142"]
[BlackElo "2222"]
[PlyCount "95"]
[EventDate "2004.10.10"]
[EventType "team"]
[EventRounds "11"]
[EventCountry "FRA"]
[SourceTitle "EXT 2006"]
[Source "ChessBase"]
[SourceDate "2005.11.24"]
[SourceVersion "1"]
[SourceVersionDate "2005.11.24"]
[SourceQuality "1"]
[WhiteTeam "Rueil Malmaison"]
[BlackTeam "Rosny sous Bois"]
[WhiteTeamCountry "FRA"]
[BlackTeamCountry "FRA"]

1. e4 c5 2. Nf3 Nc6 3. d4 cxd4 4. Nxd4 Nf6 5. Nc3 e5 6. Ndb5 d6 7. Bg5 a6 8. Na3 b5 9. Nd5 Be7 10. Bxf6 Bxf6 11. c3 Bg5 12. Nc2 Rb8 13. Bd3 Be6 14. Ncb4 Nxb4 15. Nxb4 Qc8 16. 0-0 0-0 17. Bc2 a5 18. Nd5 g6 19. g3 Qb7 20. h4 Bxd5 21. Qxd5 Qxd5 22. exd5 Bd8 23. Rad1 f5 24. Kg2 Bf6 25. f3 Rfc8 26. Bd3 Kg7 27. h5 b4 28. c4 e4 29. fxe4 fxe4 30. h6+ Kxh6 31. Rxf6 exd3 32. b3 Rd8 33. Rxd3 Rb7 34. Rdf3 Kg7 35. Re6 a4 36. Rff6 axb3 37. axb3 Rbd7 38. g4 Kh6 39. Kg3 Kg5 40. Kf3 Kh6 41. Kf4 Kg7 42. g5 Kg8 43. Ke4 Kg7 44. Kd3 Kg8 45. c5 dxc5 46. d6 Ra7 47. Kc4 Ra5 48. Re7 1-0

[Event "Paris Apsap op 74th"]
[Site "Paris"]
[Date "2004.08.11"]
[Round "4"]
[White "Onkoud, Abdelaziz"]
[Black "Mendeiros, Jerome"]
[Result "1/2-1/2"]
[WhiteElo "2381"]
[BlackElo "2227"]
[PlyCount "115"]
[EventDate "2004.08.??"]
[EventType "swiss"]
[EventRounds "9"]
[EventCountry "FRA"]
[SourceTitle "EXT 2005"]
[Source "ChessBase"]
[SourceDate "2004.11.15"]
[SourceVersion "1"]
[SourceVersionDate "2004.11.15"]
[SourceQuality "1"]

1. d4 Nf6 2. c4 g6 3. Nc3 d5 4. Nf3 Bg7 5. Bf4 c5 6. dxc5 Qa5 7. cxd5 Nxd5 8. Qxd5 Bxc3+ 9. Bd2 Be6 10. Qxb7 Bxd2+ 11. Nxd2 0-0 12. b4 Qa4 13. e3 Rd8 14. a3 Nc6 15. Bb5 Qc2 16. 0-0 Nxb4 17. axb4 Rab8 18. Qxe7 Qxd2 19. Ba6 Qxb4 20. Rab1 Qa5 21. c6 Re8 22. Rxb8 Rxb8 23. c7 Rf8 24. Qd6 Bc8 25. Bxc8 Rxc8 26. Rc1 Qb6 27. Qd7 Qe6 28. Qd4 Qb6 29. Qc3 a5 30. Qd3 h5 31. Qd7 Qb7 32. h3 a4 33. Qxa4 Rxc7 34. Rd1 Qc8 35. Kh2 Rc2 36. Qh4 Qb8+ 37. f4 Qb2 38. Qg3 Qf6 39. Qf3 Rc3 40. Re1 Kh7 41. Qf2 Qb6 42. f5 g5 43. Qf3 Kh6 44. Qa8 Qc7+ 45. Kg1 Qc8 46. Qd5 Rc7 47. Qe5 Kh7 48. Qf6 Qg8 49. Qd6 Qc8 50. e4 Rc1 51. Rxc1 Qxc1+ 52. Kh2 h4 53. Qe5 Qe3 54. f6 Kg6 55. Qf5+ Kh6 56. Qe5 Kg6 57. Qf5+ Kh6 58. Qe5 1/2-1/2

[Event "Paris-ch"]
[Site "Paris"]
[Date "2004.07.06"]
[Round "4"]
[White "Mendeiros, Jerome"]
[Black "Chomet, Pascal"]
[Result "1/2-1/2"]
[WhiteElo "2227"]
[BlackElo "2370"]
[PlyCount "74"]
[EventDate "2004.07.03"]
[EventType "swiss"]
[EventRounds "9"]
[EventCountry "FRA"]
[SourceTitle "CBM 101 Extra"]
[Source "ChessBase"]
[SourceDate "2004.09.01"]
[SourceVersion "2"]
[SourceVersionDate "2004.09.01"]
[SourceQuality "1"]

1. e4 e5 2. Nf3 Nc6 3. Bb5 a6 4. Ba4 Nf6 5. 0-0 Be7 6. Re1 b5 7. Bb3 d6 8. a4 Rb8 9. axb5 axb5 10. h3 0-0 11. Nc3 Nd7 12. Nd5 Nc5 13. Ba2 Bf6 14. b4 Na4 15. c3 Be6 16. Qc2 Nb6 17. Qd3 Bxd5 18. exd5 Nxb4 19. Qe4 Nxa2 20. Rxa2 Ra8 21. Rb2 Qd7 22. Qb1 Nxd5 23. Rxb5 Qc6 24. Rb3 Nf4 25. Qf5 Ra1 26. Kh2 Ne6 27. d3 Nc5 28. Ra3 Rxa3 29. Bxa3 Ne6 30. Bb4 Qb6 31. Nd2 c5 32. Ba3 Qc6 33. Rb1 Ra8 34. Bc1 Be7 35. Ne4 g6 36. Qg4 h5 37. Qe2 Bf8 1/2-1/2

[Event "Paris-ch"]
[Site "Paris"]
[Date "2004.07.05"]
[Round "3"]
[White "Goldsztejn, Gildas"]
[Black "Mendeiros, Jerome"]
[Result "1/2-1/2"]
[WhiteElo "2303"]
[BlackElo "2227"]
[PlyCount "110"]
[EventDate "2004.07.03"]
[EventType "swiss"]
[EventRounds "9"]
[EventCountry "FRA"]
[SourceTitle "CBM 101 Extra"]
[Source "ChessBase"]
[SourceDate "2004.09.01"]
[SourceVersion "2"]
[SourceVersionDate "2004.09.01"]
[SourceQuality "1"]

1. d4 Nf6 2. c4 g6 3. Nc3 d5 4. Nf3 Bg7 5. cxd5 Nxd5 6. Bg5 h6 7. Bh4 c5 8. Nxd5 Qxd5 9. Rc1 Nd7 10. e3 cxd4 11. exd4 0-0 12. Be2 Qa5+ 13. Rc3 Nb6 14. 0-0 Nd5 15. Rc5 Qd8 16. Bc4 Nf6 17. Re1 Bg4 18. Be2 b6 19. Rc1 Nd5 20. h3 Bc8 21. Bc4 Bf6 22. Bg3 Bb7 23. Ne5 Rc8 24. Qg4 Kg7 25. Bd3 Rxc1 26. Rxc1 Bg5 27. Rd1 Nf6 28. Qe2 Nh5 29. Bh2 Nf4 30. Bxf4 Bxf4 31. Qg4 Bxe5 32. dxe5 Qc8 33. Bf1 Qxg4 34. hxg4 Bc8 35. Rd4 Be6 36. Bc4 Bxc4 37. Rxc4 Rd8 38. Rc7 e6 39. Rxa7 Rd1+ 40. Kh2 Rd2 41. b4 Rxf2 42. Ra6 Rb2 43. a3 Rb3 44. Kg1 h5 45. g5 Kf8 46. Kf2 Ke7 47. Ke2 Kd7 48. Rxb6 Rxa3 49. Rb7+ Kc6 50. Rxf7 Kd5 51. Rf6 Kxe5 52. Rxg6 Rb3 53. Rh6 Rxb4 54. Rxh5 Kf5 55. Kf3 Rf4+ 1/2-1/2

[Event "Paris-ch"]
[Site "Paris"]
[Date "2004.07.04"]
[Round "2"]
[White "Mendeiros, Jerome"]
[Black "Salaun, Yann"]
[Result "1-0"]
[WhiteElo "2227"]
[BlackElo "2336"]
[PlyCount "105"]
[EventDate "2004.07.03"]
[EventType "swiss"]
[EventRounds "9"]
[EventCountry "FRA"]
[SourceTitle "CBM 101 Extra"]
[Source "ChessBase"]
[SourceDate "2004.09.01"]
[SourceVersion "2"]
[SourceVersionDate "2004.09.01"]
[SourceQuality "1"]

1. e4 c5 2. Nf3 e6 3. d4 cxd4 4. Nxd4 Nc6 5. Nc3 a6 6. Be2 d6 7. 0-0 Nf6 8. Be3 Be7 9. f4 Qc7 10. a3 0-0 11. Qe1 Rd8 12. Qg3 d5 13. e5 Ne4 14. Nxe4 dxe4 15. Nxc6 Qxc6 16. c4 a5 17. b3 b6 18. Qf2 Rb8 19. b4 axb4 20. axb4 Bxb4 21. Rfb1 Be7 22. Bf1 Rd7 23. Rxb6 Rxb6 24. Bxb6 Rb7 25. Be3 Rb3 26. Kh1 Bb7 27. Qd2 h5 28. Qd4 h4 29. h3 g6 30. Rc1 Kg7 31. Kh2 Qc7 32. Kh1 Bc6 33. Ra1 Bb7 34. Rc1 Ba3 35. Rd1 Bc6 36. Kh2 Qb7 37. Bf2 Be7 38. Qa7 Qxa7 39. Bxa7 g5 40. fxg5 Kg6 41. Bd4 Bxg5 42. Be2 Bf4+ 43. Kh1 Rg3 44. Rf1 Kg5 45. Bf2 Rxh3+ 46. gxh3 e3+ 47. Kg1 exf2+ 48. Kxf2 Bxe5 49. Bf3 Ba4 50. Rc1 Bd4+ 51. Kg2 Bc5 52. Ra1 Bc2 53. Ra5 1-0

[Event "Paris-ch"]
[Site "Paris"]
[Date "2004.07.03"]
[Round "1"]
[White "Bagheri, Amir"]
[Black "Mendeiros, Jerome"]
[Result "1-0"]
[WhiteElo "2491"]
[BlackElo "2227"]
[PlyCount "45"]
[EventDate "2004.07.03"]
[EventType "swiss"]
[EventRounds "9"]
[EventCountry "FRA"]
[SourceTitle "CBM 101 Extra"]
[Source "ChessBase"]
[SourceDate "2004.09.01"]
[SourceVersion "2"]
[SourceVersionDate "2004.09.01"]
[SourceQuality "1"]

1. d4 Nf6 2. c4 g6 3. Nc3 d5 4. cxd5 Nxd5 5. e4 Nxc3 6. bxc3 Bg7 7. Bb5+ c6 8. Ba4 0-0 9. Ba3 b6 10. Ne2 Bb7 11. 0-0 Nd7 12. e5 Rc8 13. f4 Re8 14. f5 gxf5 15. e6 fxe6 16. Bb3 Nf8 17. Rxf5 c5 18. Nf4 c4 19. Rg5 Ng6 20. Nxg6 hxg6 21. Qg4 Bf6 22. Rxg6+ Kf7 23. Qh5 1-0

[Event "FRA-ch Accession"]
[Site "Aix les Bains"]
[Date "2003.08.29"]
[Round "2"]
[White "Mendeiros, Jerome"]
[Black "Naudier, Serge"]
[Result "1/2-1/2"]
[WhiteElo "2211"]
[BlackElo "2407"]
[PlyCount "50"]
[EventDate "2003.08.19"]
[EventType "swiss"]
[EventRounds "11"]
[EventCountry "FRA"]
[SourceTitle "EXT 2004"]
[Source "ChessBase"]
[SourceDate "2003.11.25"]
[SourceVersion "1"]
[SourceVersionDate "2003.11.25"]
[SourceQuality "1"]

1. e4 c5 2. Nf3 d6 3. d4 cxd4 4. Nxd4 Nf6 5. Nc3 a6 6. Bg5 e6 7. f4 Qb6 8. Nb3 h6 9. Bxf6 gxf6 10. Qd2 Nc6 11. 0-0-0 Bd7 12. Be2 0-0-0 13. Bh5 Be8 14. Rhf1 Be7 15. g3 Kb8 16. Kb1 Rc8 17. Qf2 Qc7 18. Rd2 Na5 19. Be2 Nc4 20. Bxc4 Qxc4 21. Re1 Qc7 22. f5 Bd7 23. Nd4 Qa5 24. Nb3 Qc7 25. Nd4 Qa5 1/2-1/2